Introduction to information systems / (رقم التسجيلة. 31249)

تفاصيل مارك
000 -الفاتح
حقل البيانات ثابتة الطول 01234cam a22003497a 4500
001 - رقم الضبط
رقم الضبط 16096183
003 - محدد رقم الضبط
رقم الضبط OSt
005 - وقت وتاريخ اخر تعامل مع التسجيلة
رقم الضبط 20150408114142.0
008 - عناصر البيانات ثابتة الطول - معلومات عامة
حقل البيانات ثابتة الطول 131017s2012 njua 001 0 eng d
010 ## - رقم ضبط مكتبة الكونجرس
رقم ضبط مكتبة الكونجرس 2010286311
015 ## - رقم الببليوجرافية الوطنية
رقم الببليوجرافية الوطنية GBA992400
المصدر bnb
016 7# - رقم ضبط الوكاله الوطنية للضبط الببليوجرافي
رقم ضبط التسجيلة 015375973
المصدر Uk
020 ## - الرقم الدولى المعيارى للكتب
الرقم الدولى المعيارى للكتاب 9788126537228(pbk.)
035 ## - رقم ضبط النظام
رقم ضبط النظام (OCoLC)ocn440116409
040 ## - مصدر الفهرسة
وكالة الفهرسة الأصلية UKM
وكالة النسخ UKM
وكالة التعديل ZQP
-- YDXCP
-- DLC
042 ## - رمز التحقق
رمز التحقق lccopycat
050 ## - رقم طلب مكتبة الكونجرس
رقم التصنيف 004
082 00 - رقم تصنيف ديوى العشرى
رقم الطبعة 22
رقم التصنيف 004
رقم المادة RRI
100 1# - المدخل الرئيسى - إسم شخصى
الإسم الشخصى Rainer, R. Kelly
الشكل الأكمل للاسم (Rex Kelly)
9 (RLIN) 36423
245 10 - بيان العنوان
العنوان Introduction to information systems /
بيان المسئوليه,etc R. Kelly Rainer, Casey G. Cegielski.
246 14 - العنوان الموازى
عنوان صحيح/عنوان مختصر Introduction to information systems :
بقية العنوان supporting and transforming business
246 3# - العنوان الموازى
عنوان صحيح/عنوان مختصر Information systems :
بقية العنوان supporting and transforming business
250 ## - بيان الطبعة
بيان الطبعة 3rd ed.
260 ## - PUBLICATION, DISTRIBUTION, ETC. (IMPRINT)
مكان الناشر او الموزع Hoboken, N.J. :
اسم الناشر او الموزع John Wiley & Sons,
تاريخ النشر أو التوزيع 2012.
300 ## - الوصف المادى
التعداد xvi, 538 p. :
تفاصيل ماديه اخرى للوعاء col. ill. ;
أبعاد الوعاء 25 cm.
500 ## - تبصرة عامة
تبصرة عامة Includes index.
650 #0 - المدخل الاضافى بالموضوع-مصطلح موضوعى
مصطلح موضوعي أو اسم جغرافي كعنصر مدخل Information technology.
700 1# - المدخل الاضافى - اسم شخصى
الإسم الشخصى Cegielski, Casey G.
9 (RLIN) 36425
906 ## - عنصر بيانات محلى F, LDF (RLIN)
a 7
b cbc
c copycat
d 2
e ncip
f 20
g y-gencatlg
942 ## - عناصر المدخل الإضافي( كوها)
مصدر التصنيف او مخطط الترفيف Dewey Decimal Classification
Koha [default] item type كتاب
المقتنيات
حالة الفقد نموذج السعر الفعال حالة تلف ليس للاعارة رقم الطلب رقم النسخة تاريخ الاكتساب الموقع الحالي الباركود الفرع الرئيسي Date last seen نوع المادة فى نظام كوها مصدر التصنيف او خطة الترفيف Total Checkouts
  2013-10-16   Not For Loan 004 RRI 1 2013-10-16 المكتبة المركزية بالمجمعة (CL) 00206561 المكتبة المركزية بالمجمعة (CL) 2013-10-16 كتاب Dewey Decimal Classification